000 01051nam a2200253Ia 4500
003 OSt
005 20220923211408.0
006 a|||||r|||| 00| 0
007 ta
008 220922b |||||||| |||| 00| 0 hin d
020 _a9788190403818 (hbk)
_c875
024 _a242,436
037 _b264, 18/01/2010, Vidyanidhi Prakashan
_cTextual
040 _aARTS
_cARTS
_bhin
041 _2hin
_ahin
082 _aO152,2K00:g, P9
100 _aमिश्र, अजय कुमार
245 0 _aमहा महोपाध्याय मथुरा प्रसाद दीक्षित के रूपकों की समीक्षा
246 _ahinā hinopādhyāya mathurā prasād dīkṣhit ke rūpakoan kī samīkṣhā
260 _aनई दिल्ली
_b अभिव्यक्ति प्रकाशन
_c2009
300 _a515पृ.
_ccm.
942 _hO152,2K00:g, P9
_cTEXL
_2CC
999 _c299082
_d299082